|
|
|
|
| LEADER |
00000nab a2200000 a 4500 |
| 001 |
vtls000062597 |
| 003 |
SK-MaSNL |
| 005 |
20260304213945.0 |
| 008 |
111103c1980 xo 0 slo |
| 015 |
|
|
|a SNBRB19rr/mm-uuuuu
|
| 035 |
|
|
|a CL0072697
|
| 040 |
|
|
|a SNKBUCL
|b slo
|c SNKBUCL
|e AACR2
|
| 041 |
0 |
|
|a slo
|
| 044 |
|
|
|a xo
|c SK
|
| 080 |
|
|
|a 82.09:885.4-3(048)
|2 1981
|
| 080 |
|
|
|a 885.4-3(048)
|2 1981
|
| 245 |
0 |
0 |
|a Nový biografický román
|c P.V.
|
| 600 |
1 |
7 |
|a Kukučín, Martin,
|d 1860-1928
|2 snkbucl
|9 100266
|
| 650 |
0 |
7 |
|a biografické romány
|2 snkbucl
|9 82236
|
| 650 |
0 |
7 |
|a dokumentografické parafrázy
|2 snkbucl
|9 1547386
|
| 650 |
0 |
7 |
|a literatúra faktu
|2 snkbucl
|9 18459
|
| 655 |
|
7 |
|a recenzie
|2 snkbucl
|9 21907
|
| 655 |
|
7 |
|a články z odboru literárna veda a krásna literatúra
|2 snkbucl
|9 770045
|
| 655 |
|
7 |
|a články z novín a časopisov
|2 snkbucl
|9 267496
|
| 700 |
1 |
|
|a Štrelinger, Peter,
|d 1946-
|4 aut
|9 90824
|
| 773 |
0 |
|
|t Sloboda
|g Roč. 35, č. 26 (1980), s. 4
|
| 787 |
0 |
8 |
|i Rec.:
|a Štrelinger, Peter
|t Láska a smrť
|d Bratislava : Tatran, 1980
|
| 850 |
|
|
|a Slovenská národná knižnica v Martine
|a MTA001
|
| 852 |
|
|
|a SNK
|b KIS3GCP
|
| 958 |
|
|
|a RK
|
| 958 |
|
|
|a LX
|
| 992 |
|
|
|a RBX
|
| 999 |
|
|
|c 3138596
|d 3140526
|